000 00818cam a22002173a 4500
001 42097
003 PGUSA
005 20140828083942.0
008 130215s2013||||xxu|||||s|||||000 | eng d
040 _aPGUSA
_beng
042 _adc
100 1 _aJohnstone, Arthur,
_d1861-1904
245 1 0 _aMusical Criticisms
_h[electronic resource] /
_cArthur Johnstone
260 _bProject Gutenberg,
_c2013
505 0 _aMemoir -- Bach -- Beethoven -- Berlioz -- Liszt -- Wagner -- Tchaikovsky -- Sir Edward Elgar -- Richard Strauss -- Chamber music -- Piano playing -- Violin playing -- Music in the nineteenth century -- Hans Richter -- Nietzsche
506 _aPublic domain in the USA.
516 _aElectronic text
830 0 _aProject Gutenberg
_v42097
856 4 0 _uhttp://www.gutenberg.org/ebooks/42097
942 _cEB
999 _c271349
_d271349